<?xml version="1.0" encoding="UTF-8"?>
<record
    xmlns:xsi="http://www.w3.org/2001/XMLSchema-instance"
    xsi:schemaLocation="http://www.loc.gov/MARC21/slim http://www.loc.gov/standards/marcxml/schema/MARC21slim.xsd"
    xmlns="http://www.loc.gov/MARC21/slim">

  <leader>01043nam a2200241 a 4500</leader>
  <controlfield tag="001">BRCA_1638</controlfield>
  <controlfield tag="005">20190320203504.0</controlfield>
  <controlfield tag="008">220408s1999-------a---###---#000-0#ita-#</controlfield>
  <datafield tag="050" ind1=" " ind2="4">
    <subfield code="a">ND673.R8</subfield>
    <subfield code="b">.R83 1999</subfield>
  </datafield>
  <datafield tag="100" ind1="1" ind2=" ">
    <subfield code="a">Rubens, Peter Paul</subfield>
    <subfield code="d">1577-1640</subfield>
    <subfield code="9">5125</subfield>
  </datafield>
  <datafield tag="245" ind1="1" ind2="0">
    <subfield code="a">Rubens e il Suo Secolo</subfield>
    <subfield code="c">a cura di Mat&#xED;as D&#xED;az Padr&#xF3;n, A&#xED;da Padr&#xF3;n M&#xE9;rida.</subfield>
  </datafield>
  <datafield tag="260" ind1=" " ind2=" ">
    <subfield code="a">Ferrara, Italia</subfield>
    <subfield code="b">Ferrara Arte</subfield>
    <subfield code="c">1999</subfield>
  </datafield>
  <datafield tag="300" ind1=" " ind2=" ">
    <subfield code="a">203 p.</subfield>
    <subfield code="b">il. a color</subfield>
    <subfield code="c">32 cm.</subfield>
  </datafield>
  <datafield tag="500" ind1=" " ind2=" ">
    <subfield code="a">Cat&#xE1;logo de la exposici&#xF3;n realizada en el Museo Nacional de San Carlos (ciudad de M&#xE9;xico), 5 noviembre 1998 - 28 febrero 1999 y en Palazzo dei Diamanti, 28 marzo - 27 junio, 1999</subfield>
  </datafield>
  <datafield tag="500" ind1=" " ind2=" ">
    <subfield code="a">Incluye biograf&#xED;as de pintores</subfield>
  </datafield>
  <datafield tag="504" ind1=" " ind2=" ">
    <subfield code="a">Bibliograf&#xED;a : p. 195-202</subfield>
  </datafield>
  <datafield tag="600" ind1="1" ind2="4">
    <subfield code="a">Rubens, Peter Paul</subfield>
    <subfield code="d">1577-1640</subfield>
    <subfield code="v">Exposiciones</subfield>
    <subfield code="9">5126</subfield>
  </datafield>
  <datafield tag="650" ind1="1" ind2="4">
    <subfield code="a">Pintura flamenca</subfield>
    <subfield code="v">Exposiciones</subfield>
    <subfield code="9">5127</subfield>
  </datafield>
  <datafield tag="650" ind1="1" ind2="4">
    <subfield code="a">Pintura moderna</subfield>
    <subfield code="v">Exposiciones</subfield>
    <subfield code="y">Siglo XVII</subfield>
    <subfield code="z">B&#xE9;lgica (Alemania)</subfield>
    <subfield code="9">5128</subfield>
  </datafield>
  <datafield tag="700" ind1="1" ind2=" ">
    <subfield code="a">D&#xED;az Padr&#xF3;n, Mat&#xED;as</subfield>
    <subfield code="9">5129</subfield>
  </datafield>
  <datafield tag="700" ind1="1" ind2=" ">
    <subfield code="a">Padr&#xF3;n M&#xE9;rida, A&#xED;da</subfield>
    <subfield code="9">5130</subfield>
  </datafield>
  <datafield tag="942" ind1=" " ind2=" ">
    <subfield code="2">lcc</subfield>
    <subfield code="c">B</subfield>
  </datafield>
  <datafield tag="999" ind1=" " ind2=" ">
    <subfield code="c">1440</subfield>
    <subfield code="d">1440</subfield>
  </datafield>
  <datafield tag="952" ind1=" " ind2=" ">
    <subfield code="0">0</subfield>
    <subfield code="1">0</subfield>
    <subfield code="4">0</subfield>
    <subfield code="7">0</subfield>
    <subfield code="a">BRCA</subfield>
    <subfield code="b">BRCA</subfield>
    <subfield code="d">2008-06-27</subfield>
    <subfield code="l">0</subfield>
    <subfield code="o">ND673.R8 .R83 1999</subfield>
    <subfield code="p">02211</subfield>
    <subfield code="r">2019-03-22 00:00:00</subfield>
    <subfield code="w">2019-03-22</subfield>
    <subfield code="y">B</subfield>
  </datafield>
</record>
